000 00674nam a22002291 4500
001 sa 68010264
003 DLC
005 20260227112551.0
008 710915s1968 ii abc 00000 eng
010 _asa 68010264
025 _aPL480:I-E-10632
043 _aa-ii---
050 0 _aJQ294
_b.I5
082 _a324/.2/0954
245 0 0 _aIndia votes,
_ba source book on Indian election.
_cEdited and compiled by R. Chandidas [and others]
260 0 _aBombay,
_bPopular Prakashan
_c[1968]
300 _ax, 717 p.
_billus., maps, ports.
_c30 cm.
350 _aRs60
650 0 _aElections
_zIndia.
650 0 _aPolitical parties
_zIndia.
700 1 0 _aChandidas, R.,
_ecomp.
999 _c83369
_d83369